000 01667nam0a2200361 4500
001 RU\NLR\bibl\1128916
005 20241119200641.0
020 _aRU
_b07-06088
_9Летопись авторефератов диссертаций
021 _aRU
_b2006-24772а
_9991а
035 _a(NLR Aleph) 001115843
090 _a1267098
_c1267098
100 _a20070404d2006 u u0rusy50 ca
101 0 _arus
102 _aRU
105 _ay dm |||||
135 _acrgn 008aaaba
200 1 _aОсобенности репрезентации языковой картины мира российских немцев
_e(на материале пословиц и поговорок)
_eавтореф. дис. на соиск. учен. степ. канд. филол. наук
_eспециальность 10.02.04 <Герм. яз.>
_fШтейнгарт Лариса Мироновна
_g[Иркут. гос. лингвист. ун-т]
210 _aИркутск
_d2006
215 _a21 с.
_d21
320 _aБиблиогр.: с. 20-21 (10 назв.)
325 _aКопия доступна в Электрон. б-ке РНБ
675 _a811.112.2'373
_v3
_zrus
686 _a16.41
_2rugasnti
686 _a81.2Нем
_2rubbk
686 _a10.02.04
_2oksvnk
700 1 _aШтейнгарт
_bЛ. М.
_gЛариса Мироновна
_4070
801 0 _aRU
_bRKP
_c20070404
_gPSBO
801 1 _aRU
_bRKP
_c20070404
801 2 _aRU
_bNLR
_c20070917
_grcr
901 _eАвторефераты
942 _cBOOK
981 1 0 _a(10) Авторефераты